<?xml version="1.0" encoding="UTF-8"?>
<record
    xmlns:xsi="http://www.w3.org/2001/XMLSchema-instance"
    xsi:schemaLocation="http://www.loc.gov/MARC21/slim http://www.loc.gov/standards/marcxml/schema/MARC21slim.xsd"
    xmlns="http://www.loc.gov/MARC21/slim">

  <leader>02239nam a22002777a 4500</leader>
  <controlfield tag="008">251020b        |||||||| |||| 00| 0 eng d</controlfield>
  <datafield tag="020" ind1=" " ind2=" ">
    <subfield code="a">9782021583632</subfield>
  </datafield>
  <datafield tag="040" ind1=" " ind2=" ">
    <subfield code="c">TBS</subfield>
  </datafield>
  <datafield tag="041" ind1=" " ind2=" ">
    <subfield code="a">fre</subfield>
  </datafield>
  <datafield tag="050" ind1=" " ind2=" ">
    <subfield code="a">PQ3919.3</subfield>
    <subfield code="b">.J43Q56 2023</subfield>
  </datafield>
  <datafield tag="100" ind1=" " ind2=" ">
    <subfield code="a">Jean, Michel</subfield>
    <subfield code="d">1960-</subfield>
    <subfield code="9">26214</subfield>
    <subfield code="e">author</subfield>
  </datafield>
  <datafield tag="245" ind1=" " ind2=" ">
    <subfield code="a"> Qimmik</subfield>
    <subfield code="c">/ Michel Jean.</subfield>
  </datafield>
  <datafield tag="260" ind1=" " ind2=" ">
    <subfield code="a">Montreal :</subfield>
    <subfield code="b">Les &#xC9;ditions Libre Expression,</subfield>
    <subfield code="c">2023.</subfield>
  </datafield>
  <datafield tag="300" ind1=" " ind2=" ">
    <subfield code="a">219 pages : </subfield>
    <subfield code="b">illustrations, maps (black and white) ; </subfield>
    <subfield code="c">22 cm.</subfield>
  </datafield>
  <datafield tag="520" ind1=" " ind2=" ">
    <subfield code="a">Depuis cinq mille ans, l'inuktitut et le jappement des qimmiit r&#xE9;sonnent dans le Nunavik. La vie y est cruelle. Mais c'est ce qui la rend belle. Pr&#xE9;cieuse. &#xBB; Entre la ta&#xEF;ga et la toundra, un jeune couple inuit du Nunavik se d&#xE9;couvre et apprend &#xE0; s'aimer. Accompagn&#xE9;s de leurs chiens, les qimmiit, Saullu et Ulaajuk parcourent un continent encore sauvage, tous libres et solidaires. Quelques d&#xE9;cennies plus tard, une avocate est d&#xE9;p&#xEA;ch&#xE9;e sur la C&#xF4;te-Nord pour d&#xE9;fendre un meurtrier inuk dont les victimes sont d'anciens policiers de la S&#xE9;curit&#xE9; du Qu&#xE9;bec. Sa qu&#xEA;te de justice l'emm&#xE8;nera au-del&#xE0; de ce qu'elle avait imagin&#xE9;.</subfield>
  </datafield>
  <datafield tag="520" ind1=" " ind2=" ">
    <subfield code="a">For five thousand years, Inuktitut and the yapping of the qimmiit have resonated in Nunavik. Life there is cruel. But that's what makes it beautiful. Precious." Between the taiga and the tundra, a young Inuit couple from Nunavik discover each other and learn to love each other. Accompanied by their dogs, the qimmiit, Saullu and Ulaajuk travel across a still wild continent, all free and united. A few decades later, a lawyer is dispatched to the North Shore to defend an Inuk murderer whose victims are former Quebec Security police officers. Her quest for justice will take her beyond what she had imagined.</subfield>
  </datafield>
  <datafield tag="650" ind1=" " ind2="0">
    <subfield code="a">Inuit</subfield>
    <subfield code="z">Canada</subfield>
    <subfield code="v">Fiction</subfield>
    <subfield code="9">26215</subfield>
  </datafield>
  <datafield tag="650" ind1=" " ind2="0">
    <subfield code="a">Murder</subfield>
    <subfield code="x">Investigation </subfield>
    <subfield code="z">Qu&#xE9;bec (Province)</subfield>
    <subfield code="v">Fiction</subfield>
    <subfield code="9">26216</subfield>
  </datafield>
  <datafield tag="650" ind1=" " ind2="0">
    <subfield code="a">Sled dogs</subfield>
    <subfield code="v">Fiction</subfield>
    <subfield code="9">26217</subfield>
  </datafield>
  <datafield tag="650" ind1=" " ind2="0">
    <subfield code="a">Serial murderers</subfield>
    <subfield code="z">Qu&#xE9;bec (Province)</subfield>
    <subfield code="v">Fiction</subfield>
    <subfield code="9">26218</subfield>
  </datafield>
  <datafield tag="650" ind1=" " ind2="0">
    <subfield code="a">Police</subfield>
    <subfield code="z">Qu&#xE9;bec (Province)</subfield>
    <subfield code="x">Assassination </subfield>
    <subfield code="v">Fiction</subfield>
    <subfield code="9">26219</subfield>
  </datafield>
  <datafield tag="650" ind1=" " ind2="0">
    <subfield code="a">Human-animal relationships</subfield>
    <subfield code="z">Qu&#xE9;bec (Province)</subfield>
    <subfield code="v">Fiction</subfield>
    <subfield code="9">26220</subfield>
  </datafield>
  <datafield tag="655" ind1=" " ind2="0">
    <subfield code="a">Detective and mystery fiction</subfield>
    <subfield code="9">23664</subfield>
  </datafield>
  <datafield tag="655" ind1=" " ind2="0">
    <subfield code="a">Historical fiction</subfield>
    <subfield code="9">22722</subfield>
  </datafield>
  <datafield tag="942" ind1=" " ind2=" ">
    <subfield code="2">lcc</subfield>
  </datafield>
  <datafield tag="952" ind1=" " ind2=" ">
    <subfield code="0">0</subfield>
    <subfield code="1">0</subfield>
    <subfield code="2">lcc</subfield>
    <subfield code="4">0</subfield>
    <subfield code="7">0</subfield>
    <subfield code="a">TBS</subfield>
    <subfield code="b">TBS</subfield>
    <subfield code="d">2025-10-20</subfield>
    <subfield code="l">0</subfield>
    <subfield code="o">P-FR JEA</subfield>
    <subfield code="p">B07717</subfield>
    <subfield code="r">2025-10-20</subfield>
    <subfield code="t">1</subfield>
    <subfield code="w">2025-10-20</subfield>
    <subfield code="y">1</subfield>
  </datafield>
  <datafield tag="999" ind1=" " ind2=" ">
    <subfield code="c">5065</subfield>
    <subfield code="d">5065</subfield>
  </datafield>
</record>
